Hazrat Amir Hamza / (Record no. 525837)
[ view plain ]
| 000 -LEADER | |
|---|---|
| fixed length control field | 00524nam a22001937a 4500 |
| 003 - CONTROL NUMBER IDENTIFIER | |
| control field | NUST |
| 020 ## - INTERNATIONAL STANDARD BOOK NUMBER | |
| Qualifying information | PB/K |
| 038 ## - RECORD CONTENT LICENSOR | |
| Staff Name | Faiza |
| 082 ## - DEWEY DECIMAL CLASSIFICATION NUMBER | |
| Classification number | 891.4911 |
| Author Mark | RAS |
| 100 ## - MAIN ENTRY--PERSONAL NAME | |
| Personal name | Rasool, Ghulam |
| 9 (RLIN) | 16780 |
| 245 ## - TITLE STATEMENT | |
| Title | Hazrat Amir Hamza / |
| Statement of responsibility, etc. | Ghulam Rasool |
| 250 ## - EDITION STATEMENT | |
| Edition statement | 2nd ed. |
| 260 ## - PUBLICATION, DISTRIBUTION, ETC. | |
| Place of publication, distribution, etc. | Lahore : |
| Name of publisher, distributor, etc. | Umar Book Center, |
| Date of publication, distribution, etc. | n.d. |
| 300 ## - PHYSICAL DESCRIPTION | |
| Extent | 268 p. ; |
| 880 ## - ALTERNATE GRAPHIC REPRESENTATION | |
| Linkage | 100-01\r |
| Title | غلام رسول |
| 880 ## - ALTERNATE GRAPHIC REPRESENTATION | |
| Linkage | 245-02\r |
| Title | حضرت امیر حمزہ / |
| 880 ## - ALTERNATE GRAPHIC REPRESENTATION | |
| Linkage | 260-03\r |
| Title | لاہور : |
| b | عُمر بُک سنٹر, |
| 942 ## - ADDED ENTRY ELEMENTS (KOHA) | |
| Source of classification or shelving scheme | |
| Koha item type | Book |
| Withdrawn status | Lost status | Source of classification or shelving scheme | Damaged status | Not for loan | Permanent Location | Current Location | Date acquired | Total Checkouts | Full call number | Barcode | Date last seen | Price effective from | Koha item type |
|---|---|---|---|---|---|---|---|---|---|---|---|---|---|
| Central Library (CL) | Central Library (CL) | 07/05/2019 | 891.4911 RAS | CL-E-740 | 07/05/2019 | 07/05/2019 | Book |
